000 01421nam a2200157 a 4500
005 20260409164636.0
008 260330s2026##################000#0#eng##
020 _a9780841130897
082 0 4 _a340.109 STE
100 _a/by Steele,jenny.
245 1 0 _aRisks and legal theory.
260 _aNorth America
_bHart Publishing
_c2004
300 _axii,216p.;
_c20cm.
520 _a In almost every field of law,from tort and contract to environmental law and criminal justice, issues about ‘risk’ are increasingly of interest to lawyers. At the same time, there has been little general enquiry into the nature of the contact between law and risks. This book argues that ideas about risk have not traditionally been absent from law, as is sometimes supposed. Lawyers and legal theorists have used and conceptualised risk in particular ways, and ideas of risk have had significant influence in key elements of legal theory including questions of justice and responsibility. The book explores the conceptual place of risk across a number of fields of law; and identifies some significant challenges for law and legal theory arising from broader debates about risk. It therefore sheds light on areas that are under-explored despite current interest among lawyers, and aims to provide an accessible guide to emerging controversies and challenges for law in this area while explaining their significance.
942 _cENGLISH
999 _c618379
_d618379